Zatímco hudba hrála : šel za láskou až do terezínského ghetta / Nathaniel Lande ; z anglického originálu While the music played ... přeložil Milan Dvořák
Record details
- ISBN: 978-80-7593-320-1
- Physical Description: 495 stran ; 22 cm
- Edition: Vydání první
- Publisher: Praha : Pavel Dobrovský - Beta s.r.o., 2021
Search for related items by subject
| Subject: | holocaust (1939-1945) holocaust (1939-1945) |
| Genre: | americké romány historické romány American fiction historical novels |
Available copies
- 1 of 1 copy available at Common Catalog SPOK.
Holds
- 0 current holds with 1 total copy.
Show Only Available Copies
| Location | Call Number / Copy Notes | Barcode | Shelving Location | Status | Due Date |
|---|---|---|---|---|---|
| The Jewish community of Prague | K 3762 | 4638301112 | K - Beletrie | Available | - |
| LDR | 01587cam a2200457 i 4500 | ||
|---|---|---|---|
| 001 | 53278 | ||
| 003 | CZ-PrJAB | ||
| 005 | 20220222091632.0 | ||
| 007 | ta | ||
| 008 | 151013s2021 xr g 000 f cze d | ||
| 015 | . | ‡acnb003369590 | |
| 020 | . | ‡a978-80-7593-320-1 ‡q(vázáno) | |
| 035 | . | ‡a(CZ PrNK)nkc20213369590 | |
| 035 | . | ‡a(OCoLC)1302727805 | |
| 040 | . | ‡aUOG001 ‡bcze ‡dBOA001 ‡erda | |
| 041 | 1 | . | ‡acze ‡heng |
| 045 | . | ‡ax3x4 | |
| 072 | 7. | ‡a821.111(73)-3 ‡xAmerická próza ‡2Konspekt ‡925 | |
| 080 | . | ‡a821.111(73)-31 ‡2MRF | |
| 080 | . | ‡a323.12"1939/1945" ‡2MRF | |
| 080 | . | ‡a(0:82-311.6) ‡2MRF | |
| 100 | 1 | . | ‡aLande, Nathaniel ‡7xx0266566 ‡4aut |
| 240 | 1 | 0. | ‡aWhile the music played. ‡lČesky |
| 245 | 1 | 0. | ‡aZatímco hudba hrála : ‡bšel za láskou až do terezínského ghetta / ‡cNathaniel Lande ; z anglického originálu While the music played ... přeložil Milan Dvořák |
| 250 | . | ‡aVydání první | |
| 264 | 1. | ‡aPraha : ‡bPavel Dobrovský - Beta s.r.o., ‡c2021 | |
| 300 | . | ‡a495 stran ; ‡c22 cm | |
| 336 | . | ‡atext ‡btxt ‡2rdacontent | |
| 337 | . | ‡abez média ‡bn ‡2rdamedia | |
| 338 | . | ‡asvazek ‡bnc ‡2rdacarrier | |
| 648 | 7. | ‡a1939-1945 ‡7ch460653 ‡2czenas | |
| 650 | 0 | 7. | ‡aholocaust (1939-1945) ‡7ph117203 ‡2czenas |
| 650 | 0 | 9. | ‡aholocaust (1939-1945) ‡2eczenas |
| 655 | 7. | ‡aamerické romány ‡7fd131796 ‡2czenas | |
| 655 | 7. | ‡ahistorické romány ‡7fd132414 ‡2czenas | |
| 655 | 9. | ‡aAmerican fiction ‡2eczenas | |
| 655 | 9. | ‡ahistorical novels ‡2eczenas | |
| 700 | 1 | . | ‡aDvořák, Milan, ‡d1949- ‡7jn19981000864 ‡4trl |
| 910 | . | ‡aABE461 | |
| 995 | . | ‡aska | |
| 901 | . | ‡a53278 ‡bAUTOGEN ‡c53278 ‡tbiblio | |